...

NIRU LIBRARY

Radicalization into violent extremism in coastal Kenya (Record no. 597)

MARC details
000 -LEADER
fixed length control field 00721nam a22001817a 4500
003 - CONTROL NUMBER IDENTIFIER
control field OSt
005 - DATE AND TIME OF LATEST TRANSACTION
control field 20260113091613.0
008 - FIXED-LENGTH DATA ELEMENTS--GENERAL INFORMATION
fixed length control field 260113b |||||||| |||| 00| 0 eng d
020 ## - INTERNATIONAL STANDARD BOOK NUMBER
International Standard Book Number 9789966 1962 7 9
040 ## - CATALOGING SOURCE
Original cataloging agency NIRU
Language of cataloging EN
Transcribing agency NIRU
050 ## - LIBRARY OF CONGRESS CALL NUMBER
Classification number HV 6433.K42
Item number .R33 2021
100 ## - MAIN ENTRY--PERSONAL NAME
Personal name Boga, Iddi Hamadi
245 ## - TITLE STATEMENT
Title Radicalization into violent extremism in coastal Kenya
Remainder of title Genesis, impact and responses
Statement of responsibility, etc. Boga, Hamadi Iddi, Shauri, Halimu Suleiman, Mwakimako, Hassan Abdulrahman, Mraja, Mohamed Suleiman, Ouma, Stephen Akoth
260 ## - PUBLICATION, DISTRIBUTION, ETC.
Place of publication, distribution, etc. Nairobi, Kenya
Name of publisher, distributor, etc. Horn international institute for strategic studies
Date of publication, distribution, etc. 2021
300 ## - PHYSICAL DESCRIPTION
Extent 177 p.
650 ## - SUBJECT ADDED ENTRY--TOPICAL TERM
Topical term or geographic name entry element radicalization
Form subdivision Violent extremism
General subdivision coastal region
Geographic subdivision Kenya
942 ## - ADDED ENTRY ELEMENTS (KOHA)
Source of classification or shelving scheme Library of Congress Classification
Koha item type Books
Suppress in OPAC No
Holdings
Withdrawn status Lost status Source of classification or shelving scheme Damaged status Not for loan Home library Current library Shelving location Date acquired Source of acquisition Total checkouts Full call number Barcode Date last seen Price effective from Koha item type
    Library of Congress Classification     NIRU LIBRARY NIRU LIBRARY General stacks 01/13/2026 Depository   HV 6433.K42 .R33 2021 2026-0009 01/13/2026 01/13/2026 Books
Copyright © 2025&6. National Intelligence and Research University. All Rights Reserved.